| 000 | 00491nam a2200181Ia 4500 | ||
|---|---|---|---|
| 005 | 20250326124218.0 | ||
| 008 | 250326s9999 xx 000 0 und d | ||
| 037 | _aTextbook | ||
| 040 |
_aFMSL _beng _cFMSL |
||
| 041 |
_aeng _2eng |
||
| 084 |
_aX:51.1 L6 _qFMSL |
||
| 100 |
_aYarker K A _9490213 |
||
| 245 | 0 |
_aInternational marketing _cYarker K A |
|
| 260 |
_aLondon _bLondon, Business Books _c1976 |
||
| 300 | _a178p | ||
| 942 |
_cTB _hX:51.1 L6 |
||
| 999 |
_c1272768 _d1272768 |
||